[Event "Robecchetto op 21th Autumn"]
[Site "Robecchetto"]
[Date "2010.10.21"]
[Round "3"]
[White "Fiocchi, Marco"]
[Black "Pinciroli, Giovanni"]
[Result "0-1"]
[WhiteElo "1428"]
[BlackElo "1449"]
[PlyCount "60"]
[EventDate "2010.10.07"]
[EventType "swiss"]
[EventRounds "7"]
[EventCountry "ITA"]
[SourceTitle "EXT 2024"]
[Source "ChessBase"]
[SourceDate "2023.10.10"]
[SourceVersion "1"]
[SourceVersionDate "2023.10.10"]
[SourceQuality "1"]

1. e4 c6 2. d4 d5 3. Nc3 dxe4 4. Nxe4 Nd7 5. Nf3 Ndf6 6. Nxf6+ Nxf6 7. Bd3 Bg4 8. c3 e6 9. Bg5 Be7 10. Bxf6 Bxf6 11. Be2 0-0 12. 0-0 Qb6 13. b3 Rad8 14. Qd2 c5 15. Qf4 Bxf3 16. Bxf3 cxd4 17. cxd4 Rxd4 18. Qe3 Rd6 19. Qxb6 Rxb6 20. Rad1 Rb5 21. Rd7 Rb8 22. Rc1 Be5 23. Rcd1 g6 24. Be2 Rb4 25. g3 a5 26. f4 Bc3 27. R1d6 Re4 28. Kf2 Bb4 29. Rb6 Bc5+ 30. Kf3 Re3+ 0-1

[Event "Robecchetto op 21th Autumn"]
[Site "Robecchetto"]
[Date "2010.10.07"]
[Round "1"]
[White "Fiocchi, Marco"]
[Black "Paolillo, Giampiero"]
[Result "0-1"]
[WhiteElo "1428"]
[BlackElo "1693"]
[PlyCount "62"]
[EventDate "2010.10.07"]
[EventType "swiss"]
[EventRounds "7"]
[EventCountry "ITA"]
[SourceTitle "EXT 2024"]
[Source "ChessBase"]
[SourceDate "2023.10.10"]
[SourceVersion "1"]
[SourceVersionDate "2023.10.10"]
[SourceQuality "1"]

1. e4 e6 2. d4 d5 3. exd5 exd5 4. Nf3 Bg4 5. Be2 Nf6 6. Ne5 Bxe2 7. Qxe2 Be7 8. 0-0 0-0 9. Nc3 c6 10. Bg5 Re8 11. Rae1 Nbd7 12. f4 h6 13. Bh4 Nh7 14. Bxe7 Rxe7 15. Qf3 Qb6 16. Rd1 Rae8 17. Nxd7 Rxd7 18. Na4 Qb4 19. Nc5 Rde7 20. Nd3 Qxd4+ 21. Kh1 Qa4 22. Rfe1 Qxc2 23. Rxe7 Rxe7 24. Qg4 Qxd3 25. h3 Qe2 26. Qc8+ Re8 27. Qg4 Qxg4 28. hxg4 Nf6 29. g5 hxg5 30. fxg5 Ne4 31. Re1 Ng3+ 0-1